Central Library OPAC University of Rajshahi

Home is the hunter / (Record no. 22064)

MARC details
000 -LEADER
fixed length control field 00786nam a22002531 4500
001 - CONTROL NUMBER
control field 22064
003 - CONTROL NUMBER IDENTIFIER
rucl marc code BD-RjUL
005 - DATE AND TIME OF LATEST TRANSACTION
control field 20211209000749.0
008 - FIXED-LENGTH DATA ELEMENTS--GENERAL INFORMATION
fixed length control field 140306t19451943enk 000 1 eng d
035 ## - SYSTEM CONTROL NUMBER
System control number (BD-RjUL)22129
System control number (OCoLC)1342441
040 ## - CATALOGING SOURCE
Original cataloging agency DLC
Transcribing agency FM
Modifying agency OCoLC
-- DLC
-- BD-RjUL
Language of cataloging eng
041 ## - LANGUAGE CODE
Language code of text/sound track or separate title eng
082 00 - DEWEY DECIMAL CLASSIFICATION NUMBER
Classification number 843.912
Author mark and year POH 1945
100 1# - MAIN ENTRY--PERSONAL NAME
Personal name Poncins, Gontran de Montaigne,
Dates associated with a name 1900-
9 (RLIN) 68149
245 10 - TITLE STATEMENT
Title Home is the hunter /
Statement of responsibility, etc. by Gontran de Poncins, translated by Haakon Chevalier.
260 ## - PUBLICATION, DISTRIBUTION, ETC. (IMPRINT)
Place of publication, distribution, etc. London :
Name of publisher, distributor, etc. Victor Gollancz Ltd,
Date of publication, distribution, etc. c1943 [1945].
300 ## - PHYSICAL DESCRIPTION
Pagination 141 p. ;
Size 19 cm.
650 #0 - SUBJECT ADDED ENTRY--TOPICAL TERM
Topical term or geographic name as entry element Chevalier, Haakon
Chronological subdivision 1902-
9 (RLIN) 68150
700 1# - ADDED ENTRY--PERSONAL NAME
Personal name Chevalier, Haakon,
Dates associated with a name 1902-1985.
942 ## - ADDED ENTRY ELEMENTS (KOHA)
Source of classification or shelving scheme Dewey Decimal Classification
Koha item type Books
Holdings
Lost status Source of classification or shelving scheme Damaged status Not for loan Collection code Permanent Location Current Location Shelving location Date acquired Source of acquisition Total Checkouts Full call number Date last seen Copy number Koha item type
  Dewey Decimal Classification   Added to bundle Fiction Central Library, University of Rajshahi Central Library, University of Rajshahi Reading Room 12/11/1990 Showkat Osman, Gift.   843.912 POH 1945 06/03/2014 C-1 Books